000 01246ngm a2200361 a 4500
003 BLK
005 20240607114820.0
008 180410b bul||n||s|||||||| mlbulo|
010 _aCDD00000004000
040 _aBLK
041 _aDEU
_cDEU
072 7 _2bullib
_aФ0601
_xИгрални филми Ф
080 _aХудожествени филмови жанрове
_b791.221/.228
_z791.221/.228
245 1 0 _aDie Gebruder Skladanowsky [DVD видео]
_bSpielfilm
_cdrehbuchaut. und reg. Wim Wenders; darst. Manfred Wopalka; darst. Nadine Buttner; darst. Christoph Merg.
257 _aDEU
260 _bGoethe-Inst.
_c2013
_aMunchen
300 _a1 DVD
_bPAL : цв.
_c12 см.
306 _a121 мин.
380 _a7
505 _gTV Dokumentarfilm
_tRoom 666
659 _aФ
700 1 _aWenders, Wim
_edrehbuchaut. und reg.
_9387440
700 1 _aWopalka, Manfred
_edarst.
_928364
700 1 _aButtner, Nadine
_edarst.
_9353134
700 1 _aMerg, Christoph
_edarst.
_918445
852 _aЦб CD 4018
_p1
856 4 _qpdf
_u
856 4 _qpdf
_u
942 _cCDD
_n0
944 _aCR
_c19.05.2011
_k30542
_lРусанова Ирена
944 _aED
_c27.07.2015
_kТеодора_Стоянова
999 _c214484
_d214484
999 _d214484